To what extent did famine affect the quality, quantity, and acquisition of food of the middle class in the years 1932-1933 of the great depression / (Record no. 98294)
[ view plain ]
| 000 -LEADER | |
|---|---|
| fixed length control field | 00827nam a2200193 a 4500 |
| 003 - CONTROL NUMBER IDENTIFIER | |
| control field | 0 |
| 005 - DATE AND TIME OF LATEST TRANSACTION | |
| control field | 20250313083716.0 |
| 008 - FIXED-LENGTH DATA ELEMENTS--GENERAL INFORMATION | |
| fixed length control field | 090729s19uu xx 00 eng d |
| 050 ## - LIBRARY OF CONGRESS CALL NUMBER | |
| Classification number | PHS HB 3717 |
| Item number | .K49 2009 |
| 100 ## - MAIN ENTRY--PERSONAL NAME | |
| Personal name | Kim, Alice. |
| 245 ## - TITLE STATEMENT | |
| Title | To what extent did famine affect the quality, quantity, and acquisition of food of the middle class in the years 1932-1933 of the great depression / |
| Statement of responsibility, etc | Alice Kim. |
| 260 ## - PUBLICATION, DISTRIBUTION, ETC. (IMPRINT) | |
| Place of publication, distribution, etc | Las Piñas City, Philippines : |
| Name of publisher, distributor, etc | Southville International School and Colleges, |
| Date of publication, distribution, etc | 2009. |
| 300 ## - PHYSICAL DESCRIPTION | |
| Extent | 18 pages ; |
| Dimensions | 28 cm. |
| 504 ## - BIBLIOGRAPHY, ETC. NOTE | |
| Bibliography, etc | Includes bibliographical references. |
| 650 ## - SUBJECT ADDED ENTRY--TOPICAL TERM | |
| Topical term or geographic name as entry element | Great Depression, 1929 |
| Geographic subdivision | United States |
| General subdivision | Economic conditions. |
| 650 ## - SUBJECT ADDED ENTRY--TOPICAL TERM | |
| Topical term or geographic name as entry element | Famines |
| Geographic subdivision | United States |
| General subdivision | History |
| Form subdivision | 20th century. |
| 650 ## - SUBJECT ADDED ENTRY--TOPICAL TERM | |
| Topical term or geographic name as entry element | Middle class |
| Geographic subdivision | United States |
| General subdivision | Social conditions |
| Form subdivision | 20th century. |
| 942 ## - ADDED ENTRY ELEMENTS (KOHA) | |
| Source of classification or shelving scheme | Library of Congress Classification |
| Koha item type | PASS |
| Withdrawn status | Lost status | Source of classification or shelving scheme | Damaged status | Home library | Current library | Shelving location | Date acquired | Source of acquisition | Total Checkouts | Full call number | Barcode | Date last seen | Price effective from | Koha item type |
|---|---|---|---|---|---|---|---|---|---|---|---|---|---|---|
| Library of Congress Classification | Luxembourg Library | Luxembourg Library | Portfolio Assessment of SISC Students Section | 07/29/2009 | Donation | PHS HB 3717 .K49 2009 | P2391 | 04/08/2014 | 04/08/2014 | PASS |